|
|
|
|
| LEADER |
00870nam a2200229 a 4500 |
| 001 |
1230641 |
| 008 |
100116s1968 nyua b 000 0 eng d |
| 010 |
|
|
|a 68012274
|
| 040 |
|
|
|a DLC
|c DLC
|d DLC
|d BD-DhAAL
|
| 082 |
0 |
0 |
|a 301.15/08
|
| 100 |
1 |
|
|a Cartwright, Dorwin,
|e ed.
|
| 245 |
1 |
0 |
|a Group dynamics :
|b research and theory /
|c edited by Dorwin Cartwright, Alvin Zander.
|
| 250 |
|
|
|a 3d ed.
|
| 260 |
|
|
|a New York :
|b Harper & Row,
|c 1968
|
| 300 |
|
|
|a ix, 580 p. :
|b illus. ;
|c 27 cm.
|
| 504 |
|
|
|a Includes bibliographies and index.
|
| 541 |
1 |
|
|e 00001546
|
| 650 |
|
0 |
|a Small groups.
|
| 700 |
1 |
|
|a Zander, Alvin Frederick,
|d 1913-
|e joint ed.
|
| 852 |
4 |
|
|a Ayesha Abed Library
|j General Shelf.
|
| 999 |
|
|
|c 7020
|d 7020
|
| 952 |
|
|
|0 0
|1 0
|2 ddc
|4 0
|6 301_150800000000000_CAR_1968
|7 0
|9 7275
|a BRACUL
|b BRACUL
|c GEN
|d 2010-01-17
|g 2812.50
|l 0
|o 301.1508 CAR
|p 3010001546
|r 2010-01-17
|t 1
|w 2010-01-17
|y BK
|